| 000 | 00478nam a2200121Ia 4500 | ||
|---|---|---|---|
| 008 | 220216s9999 xx 000 0 und d | ||
| 100 | _aVenkatachalam P | ||
| 245 | 0 | _aMolecular cloning and characterization of a farnesyl diphosphate synthase 1 (fdp 1) gene from rubber tree (Hevea brasiliensis Muell. Arg.) | |
| 260 | _bInternational Conference on New Horizons in Biotechnology, 26-29 November 2007, Trivandrum | ||
| 700 | _aPriya P | ||
| 700 | _aThulaseedharan A | ||
| 942 | _cBS | ||
| 999 |
_c53191 _d53191 |
||